Top 20 Surnames (U.K.) Quiz Stats

 Plays Quiz Updated Oct 19, 2018

Score 0/20 Timer 03:00
0 Plays Today
Rank Surname % Correct
1Smith
96.1%
2Jones
78.3%
5Brown
55.8%
10Johnson
54.3%
3Williams
44.5%
16White
43.4%
19Green
32%
9Thomas
24.3%
13Thompson
22.9%
6Davies
22.5%
Rank Surname % Correct
4Taylor
22.1%
8Wilson
21.6%
11Roberts
19.7%
7Evans
16.2%
12Robinson
12.8%
17Edwards
11.9%
14Wright
10.4%
15Walker
9.9%
18Hughes
8%
20Hall
8%

You're not logged in!

Compare scores with friends on all Sporcle quizzes.
OR
Log In

Sporcle TV

Today on Sporcle TV


Watch our educational content, quiz creation guides, and fun videos on Sporcle TV.

Show Comments

Extras

Top Quizzes Today


Score Distribution

Your Account Isn't Verified!

In order to create a playlist on Sporcle, you need to verify the email address you used during registration. Go to your Sporcle Settings to finish the process.

Report this User

Report this user for behavior that violates our Community Guidelines.

Details: